[Event "40th Olympiad Open"]
[Site "Istanbul TUR"]
[Date "2012.08.31"]
[Round "4.65"]
[Board "2"]
[White "Li Ying, Patrick"]
[Black "Rowe, Peter"]
[Result "1-0"]
[WhiteTitle "CM"]
[BlackTitle "CM"]
[WhiteElo "2120"]
[BlackElo "1987"]
[WhiteTeam "Mauritius"]
[BlackTeam "Guernsey"]
[WhiteFideId "9700056"]
[BlackFideId "10700099"]
[EventDate "2012.08.28"]

1. d4 d6 2. Bf4 Nf6 3. e3 Bf5 4. c4 c6 5. Qb3 Qb6 6. Nd2 Nbd7 7. Ngf3 h6 8. h3
e6 9. Be2 Be7 10. O-O O-O 11. Rfe1 Rfe8 12. Bf1 d5 13. c5 Qxb3 14. axb3 Ne4 15.
Nxe4 Bxe4 16. Nd2 Bh7 17. b4 Bf6 18. Bd6 e5 19. Nf3 Be4 20. Nxe5 Nxe5 21. dxe5
Bxe5 22. Bxe5 Rxe5 23. b5 Re7 24. b4 Bf5 25. Ra5 cxb5 26. Bxb5 d4 27. c6 b6 28.
Ra3 dxe3 29. fxe3 a5 30. Rc1 Re5 31. Be2 Rc8 32. bxa5 bxa5 33. c7 Rce8 34. Rb3
Kh7 35. Rb8 Bc8 36. Bb5 Rf8 37. Bd7 Rxe3 38. Rxc8 1-0

[Event "40th Olympiad Open"]
[Site "Istanbul TUR"]
[Date "2012.08.31"]
[Round "4.65"]
[Board "3"]
[White "Brookfield, Toby"]
[Black "Seegolam, Pradeep"]
[Result "1/2-1/2"]
[WhiteTitle "CM"]
[WhiteElo "1823"]
[BlackElo "2041"]
[WhiteTeam "Guernsey"]
[BlackTeam "Mauritius"]
[WhiteFideId "10700234"]
[BlackFideId "9700080"]
[EventDate "2012.08.28"]

1. e4 c5 2. Nf3 d6 3. d4 cxd4 4. Nxd4 Nf6 5. Nc3 a6 6. f4 e5 7. Nf3 Nc6 8. a4
Be7 9. Bd3 O-O 10. O-O h6 11. Kh1 Qc7 12. Qe1 Nb4 13. fxe5 Nxd3 14. cxd3 dxe5
15. Qg3 Kh7 16. Qxe5 Bd6 17. Qd4 Bc5 18. Bf4 Qb6 19. Qc4 Be6 20. Nd5 Bxd5 21.
exd5 Rac8 22. d4 Bb4 23. Qd3+ Kg8 24. Ne5 Qd8 25. Qh3 Nxd5 26. Bxh6 gxh6 27.
Qxh6 Be7 28. Rf3 Bh4 29. Rh3 Qg5 30. Qxg5+ Bxg5 31. Rg3 Kh7 32. Rxg5 f6 33. Rh5+
Kg7 34. Nd7 Nf4 35. Nxf8 Nxh5 36. Ne6+ Kf7 37. Re1 Re8 38. d5 Nf4 39. Rd1 Nxd5
40. Rxd5 Rxe6 41. Kg1 Rb6 42. Rd2 Kg6 43. Kf2 Rb4 44. a5 Rb5 45. b4 Rxb4 46. Rd5
Rb2+ 47. Kf3 Rb3+ 48. Kf4 Rb4+ 49. Kf3 f5 50. g3 Rb2 51. h4 Rb3+ 52. Kf4 Rb4+
53. Kf3 Rb3+ 1/2-1/2

[Event "40th Olympiad Open"]
[Site "Istanbul TUR"]
[Date "2012.08.31"]
[Round "4.68"]
[Board "1"]
[White "Harper, Ryan"]
[Black "Rosenbeiger, Alan"]
[Result "1-0"]
[WhiteTitle "FM"]
[WhiteElo "2222"]
[BlackElo "2151"]
[WhiteTeam "Trinidad & Tobago"]
[BlackTeam "Jersey"]
[WhiteFideId "7700156"]
[BlackFideId "1109448"]
[EventDate "2012.08.28"]

1. e4 d6 2. d4 Nf6 3. Nc3 g6 4. Nf3 Bg7 5. h3 c6 6. Bd3 O-O 7. O-O Nbd7 8. Be3
e5 9. dxe5 dxe5 10. Qd2 Qc7 11. a4 b6 12. Bc4 a6 13. Rfd1 Rb8 14. Ba2 b5 15.
axb5 axb5 16. b4 Nb6 17. Bc5 Ne8 18. Ng5 Nc4 19. Bxc4 bxc4 20. Ra7 Rb7 21. Rxb7
Qxb7 22. Bxf8 Bxf8 23. Qd8 Ng7 24. b5 Ne6 25. Nxe6 Bxe6 26. b6 Kg7 27. Qc7 Qxc7
28. bxc7 Bb4 29. Na4 Ba5 30. Nc5 1-0

[Event "40th Olympiad Open"]
[Site "Istanbul TUR"]
[Date "2012.08.31"]
[Round "4.68"]
[Board "2"]
[White "Jouault, Louis"]
[Black "Joseph, Marcus"]
[Result "0-1"]
[WhiteElo "1966"]
[BlackElo "2206"]
[WhiteTeam "Jersey"]
[BlackTeam "Trinidad & Tobago"]
[WhiteFideId "15600130"]
[BlackFideId "7700393"]
[EventDate "2012.08.28"]

1. e4 c5 2. Nf3 a6 3. d4 cxd4 4. Nxd4 Nf6 5. Nc3 e5 6. Nb3 Bb4 7. Bd3 d5 8. exd5
Qxd5 9. O-O Bxc3 10. bxc3 O-O 11. Re1 e4 12. Be2 Qe5 13. Qd4 Qc7 14. Qc5 Nc6 15.
Bb2 Qf4 16. Rad1 Re8 17. Bc1 Qe5 18. Be3 Bf5 19. h3 h6 20. Rd2 Rac8 21. Red1 Be6
22. Bd4 Qf4 23. Be3 Qh4 24. f4 Ne7 25. Qd6 Nf5 26. Bf2 Qxf2+ 27. Kxf2 Nxd6 28.
Rxd6 Rxc3 29. Rc1 Rec8 30. Bd1 e3+ 31. Ke1 Ne4 32. Rb6 Bd5 33. Nd4 Bxa2 34. Rxb7
Nc5 35. Rb2 Bd5 36. Ra1 Bxg2 37. Nf5 Re8 38. h4 e2 39. Bxe2 Bf3 40. Nd4 Bxe2 41.
Nxe2 Rce3 42. c4 Nd3+ 0-1

[Event "40th Olympiad Open"]
[Site "Istanbul TUR"]
[Date "2012.08.31"]
[Round "4.68"]
[Board "3"]
[White "Merritt, Mario"]
[Black "Wojciechowski, Paul"]
[Result "1/2-1/2"]
[WhiteTitle "FM"]
[WhiteElo "2103"]
[BlackElo "2068"]
[WhiteTeam "Trinidad & Tobago"]
[BlackTeam "Jersey"]
[WhiteFideId "7700148"]
[BlackFideId "15600017"]
[EventDate "2012.08.28"]

1. c4 Nf6 2. Nc3 g6 3. e4 d6 4. d4 Bg7 5. Be2 O-O 6. Bg5 c5 7. d5 h6 8. Be3 e6
9. h3 exd5 10. exd5 Re8 11. Qd2 Kh7 12. g4 Ne4 13. Nxe4 Rxe4 14. Bd3 Re8 15. Ne2
Nd7 16. O-O-O Ne5 17. Qc2 Nxd3+ 18. Rxd3 b5 19. Nc3 bxc4 20. Rdd1 Rb8 21. Qd2
Qb6 22. Rh2 Bd7 23. f4 Qb4 24. Re1 a5 25. Qc2 a4 26. a3 Qb3 27. Bd2 f5 28. Rg1
Rb7 29. Qxb3 cxb3 30. gxf5 Bxf5 31. Nxa4 Bd4 32. Rg3 c4 33. Nc3 Bd3 34. Rhg2 Bf1
35. Rh2 Bd3 36. Rhg2 Bf1 37. Rh2 1/2-1/2

[Event "40th Olympiad Open"]
[Site "Istanbul TUR"]
[Date "2012.08.31"]
[Round "4.68"]
[Board "4"]
[White "Mooney, Graham"]
[Black "Singh, Ravishen"]
[Result "0-1"]
[WhiteElo "1938"]
[BlackElo "2067"]
[WhiteTeam "Jersey"]
[BlackTeam "Trinidad & Tobago"]
[WhiteFideId "15600106"]
[BlackFideId "7700199"]
[EventDate "2012.08.28"]

1. e4 c5 2. Nf3 d6 3. d4 cxd4 4. Nxd4 Nf6 5. Nc3 a6 6. Be2 b5 7. Bf3 e5 8. Nb3
Be6 9. O-O Be7 10. Be3 O-O 11. Nd5 Nxd5 12. exd5 Bf5 13. Be2 Bg6 14. f4 f5 15.
c4 Bf6 16. cxb5 axb5 17. Bxb5 exf4 18. Bd4 Be5 19. a4 Nd7 20. Bc6 Rb8 21. a5 f3
22. Bxd7 Qxd7 23. gxf3 Qb5 24. Bxe5 dxe5 25. Ra3 Bf7 26. a6 Ra8 27. Qa1 Bxd5 28.
Nd2 Qb6+ 29. Kg2 e4 30. Ra5 exf3+ 31. Nxf3 Be4 32. Qa3 Rf6 33. Rf2 Rg6+ 34. Kf1
Rd8 35. Ne5 Rg1+ 36. Ke2 Rd2+ 37. Kxd2 Qxf2+ 38. Kc3 Rc1+ 39. Kb4 Qd4+ 40. Kb3
Bc2+ 41. Ka2 Ra1+ 0-1

[Event "40th Olympiad Open"]
[Site "Istanbul TUR"]
[Date "2012.08.31"]
[Round "4.69"]
[Board "3"]
[White "Espirito Santo, Silverio"]
[Black "Creswell, Reece"]
[Result "1-0"]
[WhiteElo "1831"]
[BlackElo "1765"]
[WhiteTeam "Sao Tome And Principe"]
[BlackTeam "Us Virgin Islands"]
[WhiteFideId "14306336"]
[BlackFideId "6800262"]
[EventDate "2012.08.28"]

1. d4 e6 2. c4 d5 3. Nc3 c6 4. a4 f5 5. Nf3 Nf6 6. Ne5 Be7 7. e3 O-O 8. Be2 Ne4
9. O-O Nd7 10. f4 Ndf6 11. Qb3 Nxc3 12. bxc3 Ne4 13. Bd3 Rf6 14. c5 Rh6 15. c4
Qe8 16. Bxe4 fxe4 17. g3 Qh5 18. Qc2 Bf6 19. Ra2 Bxe5 20. dxe5 Qf5 21. Qe2 Rg6
22. Rf2 Bd7 23. Rg2 Qg4 24. Qxg4 Rxg4 25. Rab2 Rb8 26. a5 b5 27. cxb6 axb6 28.
Rxb6 Ra8 29. Bd2 Rg6 30. Bc3 h5 31. Rgb2 h4 32. Kf2 hxg3+ 33. hxg3 Rh6 34. Kg2
Kf7 35. Rb8 Ra7 36. R2b7 Rxb7 37. Rxb7 Ke7 38. a6 1-0

[Event "40th Olympiad Open"]
[Site "Istanbul TUR"]
[Date "2012.08.31"]
[Round "4.69"]
[Board "4"]
[White "Smith, Michael ISV"]
[Black "Lima, Osvaldo Dos Santos"]
[Result "0-1"]
[WhiteElo "1596"]
[BlackElo "1719"]
[WhiteTeam "Us Virgin Islands"]
[BlackTeam "Sao Tome And Principe"]
[WhiteFideId "6800092"]
[BlackFideId "14306352"]
[EventDate "2012.08.28"]

1. d4 d5 2. Nf3 Nf6 3. Bf4 e6 4. e3 c5 5. c3 Nbd7 6. Bd3 Be7 7. Nbd2 a6 8. Ne5
b5 9. O-O Nxe5 10. Bxe5 c4 11. Bc2 a5 12. a3 Bd6 13. Nf3 Bxe5 14. Nxe5 O-O 15.
f4 Nd7 16. Rf3 f5 17. Rh3 Nxe5 18. fxe5 g6 19. Qe2 Rf7 20. Rf3 Rg7 21. Rff1 Qe7
22. b3 Bd7 23. Rfb1 Bc6 24. a4 cxb3 25. Bxb3 b4 26. cxb4 axb4 27. Rc1 Qe8 28.
Qc2 Rc8 29. a5 Bd7 30. Qa2 Bb5 31. Ba4 Rxc1+ 32. Rxc1 Bxa4 33. Ra1 Bc6 34. a6
Ra7 35. Qa5 Qb8 36. Rb1 Qa8 37. Rxb4 Rxa6 38. Rb8+ Qxb8 39. Qxa6 Qe8 40. Qa7 Bd7
41. Qc7 Bb5 42. Qd6 Bd3 43. Kf2 Be4 44. g3 Qc8 45. Qc5 Qa8 46. Ke1 Qa1+ 47. Kd2
Qb2+ 48. Kd1 Qb1+ 49. Qc1 Qxc1+ 50. Kxc1 h5 51. Kd2 Kf7 52. Kc3 Ke7 53. Kb4 Kd8
54. Kc5 Kc7 55. h4 Bd3 56. Kb4 Kb6 57. Kc3 Bc4 58. Kb4 Bb5 59. Kc3 Ka5 60. Kc2
Kb4 61. Kd2 Kb3 62. Ke1 Kc2 63. Kf2 Kd2 64. Kf3 Be2+ 65. Kf4 Bg4 66. Kg5 Kxe3 0-1

[Event "40th Olympiad Open"]
[Site "Istanbul TUR"]
[Date "2012.08.31"]
[Round "4.70"]
[Board "2"]
[White "Atwoli, Joseph"]
[Black "Volpinari, Danilo"]
[Result "1-0"]
[BlackTitle "CM"]
[WhiteElo "2065"]
[BlackElo "2025"]
[WhiteTeam "Kenya"]
[BlackTeam "San Marino"]
[WhiteFideId "10800816"]
[BlackFideId "11800054"]
[EventDate "2012.08.28"]

1. e4 c5 2. Nc3 Nc6 3. f4 e6 4. Nf3 a6 5. d4 cxd4 6. Nxd4 Qc7 7. Nxc6 Qxc6 8.
Bd3 b5 9. O-O Bc5+ 10. Kh1 h5 11. e5 Bb7 12. Be4 Qc7 13. Qf3 Bxe4 14. Nxe4 Rc8
15. f5 Qxe5 16. fxe6 Qxe6 17. Bg5 Ne7 18. Rae1 1-0

[Event "40th Olympiad Open"]
[Site "Istanbul TUR"]
[Date "2012.08.31"]
[Round "4.70"]
[Board "4"]
[White "Magana, Ben"]
[Black "Grassi, Enrico"]
[Result "1-0"]
[BlackTitle "CM"]
[WhiteElo "2032"]
[BlackElo "2027"]
[WhiteTeam "Kenya"]
[BlackTeam "San Marino"]
[WhiteFideId "10800166"]
[BlackFideId "11800046"]
[EventDate "2012.08.28"]

1. e4 d5 2. exd5 Qxd5 3. Nc3 Qa5 4. d4 Nf6 5. Nf3 c6 6. Bc4 Bf5 7. Bd2 e6 8. Qe2
Bb4 9. a3 Nbd7 10. O-O-O Bxc3 11. Bxc3 Qc7 12. Rhe1 O-O-O 13. Bd2 h6 14. h3 Rhe8
15. g4 Bh7 16. g5 Ne4 17. Be3 hxg5 18. Nxg5 Nxg5 19. Bxg5 f6 20. Bd2 Bf5 21. Qf3
Nb6 22. Bf4 Qf7 23. Bb3 Qg6 24. Kb1 Nd5 25. Bh2 Rh8 26. Rg1 Rxh3 27. Qxh3 Qxg1
28. Rxg1 Bxh3 29. Rxg7 Rd7 30. Rg8+ Rd8 31. Rg6 Bf5 32. Rh6 Rf8 33. Kc1 Kd7 34.
c4 Nb6 35. Kd2 Ke7 36. a4 Rg8 37. a5 Nd7 38. d5 Ne5 39. d6+ Kxd6 40. Rxf6 c5 41.
Ba4 Rg4 42. b3 Rd4+ 43. Kc1 Re4 44. Rf7 b6 45. Rd7# 1-0

[Event "40th Olympiad Open"]
[Site "Istanbul TUR"]
[Date "2012.08.31"]
[Round "4.72"]
[Board "2"]
[White "Shrestha, Keshav"]
[Black "Murara, Maxence"]
[Result "1-0"]
[WhiteTitle "CM"]
[WhiteElo "2127"]
[BlackElo "1712"]
[WhiteTeam "Nepal"]
[BlackTeam "Rwanda"]
[WhiteFideId "12300055"]
[BlackFideId "16000013"]
[EventDate "2012.08.28"]

1. e4 c5 2. Nf3 d6 3. d4 cxd4 4. Nxd4 Nd7 5. Nc3 Ngf6 6. Be2 e5 7. Nf5 Qc7 8.
Nb5 Qb6 9. Nbxd6+ Kd8 10. Nxf7+ Kc7 11. Nxh8 Nxe4 12. O-O Bc5 13. Be3 Qf6 14.
Bxc5 Ndxc5 15. Ne3 Be6 16. Nd5+ Bxd5 17. Qxd5 Rxh8 18. b4 Rd8 19. Qc4 Rd4 20.
Qg8 Rxb4 21. f3 Nd2 22. Qd5 Qb6 23. Rf2 Rb1+ 24. Rxb1 Qxb1+ 25. Bf1 Nxf1 26.
Qxc5+ Kb8 27. Qxe5+ Kc8 28. Qc5+ Kb8 29. Rxf1 1-0

[Event "40th Olympiad Open"]
[Site "Istanbul TUR"]
[Date "2012.08.31"]
[Round "4.73"]
[Board "2"]
[White "Dill, James"]
[Black "Aydincelebi, Kagan"]
[Result "0-1"]
[WhiteElo "1923"]
[BlackElo "1659"]
[WhiteTeam "Bermuda"]
[BlackTeam "Turkey 2023"]
[WhiteFideId "8800049"]
[BlackFideId "6361102"]
[EventDate "2012.08.28"]

1. e4 c5 2. Nf3 Nc6 3. d4 cxd4 4. Nxd4 g6 5. Nc3 Bg7 6. Nb3 d6 7. Be3 Nf6 8. Be2
O-O 9. O-O Ne5 10. h3 Be6 11. Nd2 Qc8 12. f4 Nc4 13. Nxc4 Bxc4 14. Bxc4 Qxc4 15.
Qd3 Qc6 16. Nd5 Rfe8 17. c3 Nd7 18. Rad1 Nc5 19. Bxc5 dxc5 20. Qf3 e6 21. Ne3
Rad8 22. Rxd8 Rxd8 23. Rd1 Rxd1+ 24. Nxd1 Qd7 25. Qe2 b5 26. g4 a5 27. e5 Bh6
28. g5 Bf8 29. Nf2 c4 30. Ne4 Be7 31. b3 cxb3 32. axb3 Qd5 33. c4 Qd4+ 34. Kg2
bxc4 35. Qxc4 Qxc4 36. bxc4 Bb4 37. c5 Kf8 38. Kf2 a4 39. Ke2 a3 0-1

[Event "40th Olympiad Open"]
[Site "Istanbul TUR"]
[Date "2012.08.31"]
[Round "4.73"]
[Board "3"]
[White "Ozenir, Ekin Baris"]
[Black "Cooper, Gary"]
[Result "1-0"]
[WhiteElo "1542"]
[BlackElo "1893"]
[WhiteTeam "Turkey 2023"]
[BlackTeam "Bermuda"]
[WhiteFideId "6357415"]
[BlackFideId "8800022"]
[EventDate "2012.08.28"]

1. d4 Nf6 2. g3 e6 3. Bg2 c5 4. Nf3 cxd4 5. Nxd4 a6 6. O-O Qc7 7. e4 Bc5 8. Be3
Be7 9. b3 Nc6 10. c4 d6 11. Nc3 Bd7 12. Rc1 O-O 13. h3 Rac8 14. Kh2 Nb8 15. f4
Qa5 16. Bd2 Qc7 17. Be3 Nc6 18. Nd5 Qd8 19. Nxc6 Bxc6 20. Nxe7+ Qxe7 21. c5 d5
22. e5 Nd7 23. b4 Bb5 24. Rf2 f6 25. a4 Bc4 26. Rd2 Rc7 27. exf6 Rxf6 28. g4 Rf7
29. Rf2 Qf8 30. f5 exf5 31. Bf4 Rc6 32. Bd6 Rxd6 33. cxd6 Qxd6+ 34. Kg1 Ne5 35.
Rd2 Qb6+ 36. Kh1 Rd7 37. Rxc4 Nxc4 38. Bxd5+ Rxd5 39. Rxd5 Qc6 40. b5 1-0

[Event "40th Olympiad Open"]
[Site "Istanbul TUR"]
[Date "2012.08.31"]
[Round "4.74"]
[Board "1"]
[White "Hernandez, Roberto PLW"]
[Black "Tsang, Hon Ki"]
[Result "0-1"]
[WhiteElo "1875"]
[BlackElo "2084"]
[WhiteTeam "Palau"]
[BlackTeam "Hong Kong"]
[WhiteFideId "16600010"]
[BlackFideId "6000185"]
[EventDate "2012.08.28"]

1. f4 Nh6 2. e4 d5 3. e5 Bg4 4. Nf3 e6 5. d4 c5 6. c3 Nc6 7. Bb5 Qb6 8. Bxc6+
bxc6 9. O-O cxd4 10. cxd4 Nf5 11. Qb3 Bxf3 12. Qxb6 axb6 13. Rxf3 Nxd4 14. Rc3
Ne2+ 15. Kf1 Nxc3 16. Nxc3 Bc5 17. Ke2 O-O 18. b3 Bd4 19. Kd3 c5 20. Bb2 b5 21.
Nd1 Bxb2 22. Nxb2 Ra3 23. Kc2 Rfa8 24. Kb1 c4 25. b4 d4 26. Nd1 R8a4 27. Kb2 Rd3
28. a3 Rb3+ 29. Kc2 Raxa3 30. Rxa3 Rxa3 31. Nb2 Rb3 32. g4 d3+ 33. Kc1 d2+ 34.
Kc2 Rxb2+ 0-1

[Event "40th Olympiad Open"]
[Site "Istanbul TUR"]
[Date "2012.08.31"]
[Round "4.74"]
[Board "3"]
[White "Garcia, Bernardo"]
[Black "Qian, Kun Arthas"]
[Result "1/2-1/2"]
[WhiteElo "1663"]
[BlackElo "1983"]
[WhiteTeam "Palau"]
[BlackTeam "Hong Kong"]
[WhiteFideId "16600096"]
[BlackFideId "6001556"]
[EventDate "2012.08.28"]

1. c4 e6 2. Nf3 Nf6 3. g3 d5 4. cxd5 exd5 5. Bg2 Be7 6. O-O O-O 7. d4 Re8 8. Nc3
Bg4 9. Qb3 b6 10. Ne5 c6 11. e4 Be6 12. exd5 cxd5 13. Bf4 Na6 14. Rac1 Bd6 15.
Nb5 Ne4 16. f3 Bxe5 17. Bxe5 Nd2 18. Qa3 Nxf1 19. Bxf1 Rc8 20. Rxc8 Bxc8 21. Nd6
f6 22. Nxe8 Qxe8 23. Bd6 Qc6 24. Qc3 Qb7 25. Bxa6 Qxa6 26. Qc7 h6 27. g4 h5 28.
h3 Qc4 29. Qxc4 dxc4 30. Kf2 Kf7 31. d5 hxg4 32. hxg4 Bb7 33. Bb8 Bxd5 34. Bxa7
b5 35. Bc5 Ke6 36. f4 g6 37. Ke3 Bc6 38. Bd4 f5 39. g5 Kd5 40. a3 Ke6 41. Be5
Kd5 42. Bd4 1/2-1/2

[Event "40th Olympiad Open"]
[Site "Istanbul TUR"]
[Date "2012.08.31"]
[Round "4.74"]
[Board "4"]
[White "Chan, Chak Man"]
[Black "Manuel, Menandro"]
[Result "1-0"]
[WhiteElo "1818"]
[BlackElo "1922"]
[WhiteTeam "Hong Kong"]
[BlackTeam "Palau"]
[WhiteFideId "6001300"]
[BlackFideId "16600029"]
[EventDate "2012.08.28"]

1. e4 c5 2. Nf3 d6 3. c4 Nc6 4. d4 cxd4 5. Nxd4 Nf6 6. Nc3 e6 7. Be2 Be7 8. O-O
O-O 9. Be3 Bd7 10. f4 Nxd4 11. Qxd4 Bc6 12. Bf3 Qc7 13. Nb5 Bxb5 14. cxb5 Qa5
15. a4 Nd7 16. b4 Qd8 17. e5 d5 18. Rfc1 Nb6 19. Be2 f6 20. a5 fxe5 21. Qxe5 Bf6
22. Qxe6+ Kh8 23. axb6 Bxa1 24. Rxa1 Re8 25. Qh3 Qe7 26. bxa7 Qxe3+ 27. Qxe3
Rxe3 28. Bf3 Rd3 29. Kf2 Rd4 30. Ke3 Rxb4 31. Bxd5 Rxb5 32. Kd4 g6 33. Kc4 Rb6
34. Kc5 Rb2 35. Kd6 Rd2 36. Ke5 Rb2 37. Bf3 Rb6 38. Kd4 Kg7 39. Kc5 Rf6 40. Bxb7
Rf5+ 41. Kd6 Rf6+ 42. Kc5 Rf5+ 43. Kb6 Rf6+ 44. Bc6 Rc8 45. a8=Q Rxa8 46. Rxa8
Rxf4 47. Ra7+ Kh6 48. Bf3 g5 49. h3 Kg6 50. Kc5 Rf6 51. Be4+ Kh5 52. Rxh7+ Rh6
53. g4+ 1-0

[Event "40th Olympiad Open"]
[Site "Istanbul TUR"]
[Date "2012.08.31"]
[Round "4.75"]
[Board "1"]
[White "Kamara, Ansumana"]
[Black "Heiba, Mohamed"]
[Result "1-0"]
[WhiteElo "2086"]
[BlackElo "1903"]
[WhiteTeam "Sierra Leone"]
[BlackTeam "Mauritania"]
[WhiteFideId "1622218"]
[BlackFideId "19600089"]
[EventDate "2012.08.28"]

1. d4 Nf6 2. c4 e6 3. Nc3 d5 4. Nf3 Be7 5. Bg5 Nbd7 6. e3 c6 7. Bd3 dxc4 8. Bxc4
b5 9. Bd3 a6 10. O-O O-O 11. h3 Bb7 12. Qc2 h6 13. Bh4 c5 14. a3 Rc8 15. Qe2
cxd4 16. Nxd4 Ne5 17. Rfd1 Nxd3 18. Rxd3 Qa5 19. b4 Qb6 20. f3 Rc7 21. Rad1 Rfc8
22. Qb2 Rc4 23. Bf2 Bd6 24. Nxe6 Bxb4 25. axb4 Qxe6 26. e4 Qe7 27. Bc5 Qe5 28.
Qd2 Kh7 29. Ne2 a5 30. Bd4 Qe6 31. bxa5 Rc2 32. Qe3 b4 33. Bxf6 Qxf6 34. e5 Qa6
35. Nd4 R2c3 36. Nf5 R8c7 37. Nd6 Ba8 38. Rxc3 bxc3 39. Qf4 c2 40. Rc1 Qxa5 41.
Nxf7 Qa7+ 42. Kh1 Rxf7 43. Qd2 Qa2 44. Qc3 Qd5 45. Rxc2 Rf5 46. Re2 Qd1+ 47. Re1
Qd7 48. e6 Qe7 49. Qd3 g6 50. Qd7 Rf7 51. Rd1 Rg7 52. Qxe7 Rxe7 53. Rd7 Rg7 54.
e7 Bc6 55. e8=Q Rxd7 56. Qe6 Ba4 57. g4 Rg7 58. f4 Bd7 59. Qf6 Be8 60. Kh2 Bf7
61. h4 Be8 62. Kg3 Rb7 63. Kf3 Rb3+ 64. Ke4 Rb4+ 65. Kd5 Rb5+ 66. Kc4 Rb7 67. g5
h5 68. Qf8 Bf7+ 69. Kd4 Rb4+ 70. Ke5 Rb5+ 71. Kf6 Rf5+ 72. Ke7 Rxf4 73. Qxf7+ 1-0

[Event "40th Olympiad Open"]
[Site "Istanbul TUR"]
[Date "2012.08.31"]
[Round "4.75"]
[Board "2"]
[White "Taleb Mohamed, Ahmed"]
[Black "Winston Gerald, Mansfield Thomas"]
[Result "0-1"]
[WhiteElo "1965"]
[BlackElo "1907"]
[WhiteTeam "Mauritania"]
[BlackTeam "Sierra Leone"]
[WhiteFideId "19600038"]
[BlackFideId "17800048"]
[EventDate "2012.08.28"]

1. e4 e5 2. Nc3 Nf6 3. f4 d6 4. Nf3 Nc6 5. d4 exd4 6. Nxd4 Nxd4 7. Qxd4 Be7 8.
h3 a6 9. Bd2 c5 10. Qf2 b5 11. e5 dxe5 12. fxe5 Nd7 13. Qf4 Bb7 14. Ne4 Bxe4 15.
Qxe4 Bh4+ 16. Ke2 O-O 17. Bf4 Re8 18. Rd1 Qe7 19. Kd2 Nxe5 20. Kc1 Ng6 21. Qxe7
Rxe7 22. Bd6 Rd7 23. Be2 c4 24. Bg4 Rdd8 25. Bf3 Ra7 26. Bc5 Rad7 27. Rxd7 Rxd7
28. c3 Ne5 29. Be4 Nd3+ 30. Bxd3 Rxd3 31. g4 f6 32. a4 Kf7 33. axb5 axb5 34. Rh2
Bg3 35. Rh1 g5 36. Kb1 Be5 37. Ka2 Ke6 38. Ka3 Kd5 39. Be7 Ke6 40. Bc5 Rd2 41.
Rb1 Kd5 42. Kb4 Kc6 43. Be7 Rh2 44. Ka3 Kd7 45. Bc5 Rxh3 46. Kb4 Kc6 47. Ra1 Rh2
48. Ra6+ Kd5 49. Ra2 Rg2 50. Be7 Rxg4 51. Kxb5 h5 52. Ra1 h4 53. Rh1 Rg2 54. b3
cxb3 55. c4+ Ke6 56. Ba3 Ra2 57. Kb4 b2 58. Bxb2 Rxb2+ 59. Ka3 Rb7 60. c5 Kf5
61. Ka4 Kg4 62. c6 Rb2 63. Rc1 h3 64. Ka3 Re2 65. c7 Bxc7 66. Rxc7 h2 67. Rh7 f5
68. Kb3 Kg3 69. Kc3 f4 70. Kd3 f3 71. Rh5 g4 72. Rh8 f2 0-1

[Event "40th Olympiad Open"]
[Site "Istanbul TUR"]
[Date "2012.08.31"]
[Round "4.77"]
[Board "1"]
[White "Kojima, Shinya"]
[Black "Meshkov, Yuri A."]
[Result "1-0"]
[WhiteTitle "FM"]
[BlackTitle "IM"]
[WhiteElo "2282"]
[BlackElo "2390"]
[WhiteTeam "Japan"]
[BlackTeam "IBCA"]
[WhiteFideId "7000812"]
[BlackFideId "4107101"]
[EventDate "2012.08.28"]

1. Nf3 c5 2. c4 g6 3. d4 Bg7 4. e4 Nc6 5. d5 Nd4 6. Nc3 Nxf3+ 7. Qxf3 d6 8. Be2
Nf6 9. O-O O-O 10. Qd3 a6 11. a4 Ne8 12. Bg5 h6 13. Bh4 Bd4 14. Kh1 f5 15. f4
Nf6 16. Bf3 e5 17. dxe6 Bxe6 18. e5 dxe5 19. fxe5 g5 20. exf6 gxh4 21. Bxb7 Bxc3
22. Qxc3 Ra7 23. Rae1 Qd4 24. Rxe6 Qxc3 25. bxc3 Rxb7 26. h3 Kf7 27. Rxa6 Kg6
28. Rc6 Rxf6 29. Rxc5 Rb3 30. Ra1 f4 31. Rf1 Rxc3 32. Rf3 Rc1+ 33. Kh2 Ra1 34.
a5 Ra2 35. Kg1 h5 36. Rb3 f3 37. Rxf3 Re6 38. Rb3 Re1+ 39. Kh2 Ra4 40. Rb6+ Kf7
41. Rxh5 Rxc4 42. Rh7+ Kg8 43. Rd7 Kf8 44. a6 1-0

[Event "40th Olympiad Open"]
[Site "Istanbul TUR"]
[Date "2012.08.31"]
[Round "4.77"]
[Board "2"]
[White "Dukaczewski, Piotr"]
[Black "Nanjo, Ryosuke"]
[Result "0-1"]
[WhiteTitle "IM"]
[BlackTitle "CM"]
[WhiteElo "2228"]
[BlackElo "2316"]
[WhiteTeam "IBCA"]
[BlackTeam "Japan"]
[WhiteFideId "1103520"]
[BlackFideId "7000634"]
[EventDate "2012.08.28"]

1. e4 c5 2. Nf3 d6 3. d4 cxd4 4. Nxd4 Nf6 5. f3 e5 6. Nb3 Be6 7. Bg5 Be7 8. c4
O-O 9. Nc3 Nc6 10. Qd2 a5 11. Bd3 a4 12. Nc1 Nd7 13. Be3 Nc5 14. Nd5 h6 15. O-O
Bg5 16. Ne2 Bxe3+ 17. Nxe3 Qa5 18. Nc3 Nd4 19. Rfd1 a3 20. Bf1 axb2 21. Qxb2 Qa3
22. Qd2 Na4 23. Nb5 Nxb5 24. cxb5 Nc3 25. Rdc1 Rfc8 26. Rc2 Nxa2 27. Nd5 Bxd5
28. exd5 Rxc2 29. Qxc2 Qa4 30. Qd2 Qb3 31. Be2 Ra3 32. Bd1 Qc4 33. Qb2 Qc5+ 34.
Kf1 Qc4+ 35. Kg1 Qc5+ 36. Kh1 Qc4 37. Be2 Qa4 38. g3 Kf8 39. b6 Ke7 40. Bb5 Rb3
41. Qxe5+ dxe5 42. Bxa4 Rb2 43. d6+ Kxd6 44. Rd1+ Ke6 45. Rd3 Nb4 46. Bb3+ Ke7
47. Rc3 Nc6 48. h4 f6 49. h5 Kd6 50. f4 Nd4 51. fxe5+ fxe5 52. Bg8 e4 53. Ra3
Nf3 54. Ra2 Rxa2 55. Bxa2 e3 56. Bc4 Kc5 57. Bd3 Ne5 58. Be2 Kxb6 59. Kg2 Kc5
60. Kf1 Kd4 61. Ke1 Nd3+ 62. Kd1 Kc3 63. Bf3 b5 64. Ke2 Kd4 65. Kd1 b4 0-1

[Event "40th Olympiad Open"]
[Site "Istanbul TUR"]
[Date "2012.08.31"]
[Round "4.77"]
[Board "3"]
[White "Watanabe, Akira"]
[Black "Mueller, Oliver"]
[Result "0-1"]
[WhiteTitle "FM"]
[BlackTitle "FM"]
[WhiteElo "2278"]
[BlackElo "2265"]
[WhiteTeam "Japan"]
[BlackTeam "IBCA"]
[WhiteFideId "7000227"]
[BlackFideId "4633385"]
[EventDate "2012.08.28"]

1. d4 Nf6 2. c4 e6 3. Nc3 Bb4 4. e3 O-O 5. Bd3 d5 6. Ne2 c5 7. cxd5 cxd4 8. exd4
Nxd5 9. O-O Nc6 10. Nxd5 Qxd5 11. Be3 Rd8 12. Qc2 g6 13. Be4 Qa5 14. a3 Bd6 15.
b4 Qc7 16. Rac1 Qb8 17. g3 Bd7 18. Rfd1 Ne7 19. Bf4 a5 20. Bxd6 Qxd6 21. Bxb7
Rab8 22. Qc7 Ba4 23. Re1 axb4 24. axb4 Qxb4 25. Rb1 Qd6 26. Qxd6 Rxd6 27. Be4
Rbd8 28. h4 Bc6 29. Bxc6 Nxc6 30. Kg2 Nxd4 31. Nxd4 Rxd4 32. Rb2 Kg7 33. Reb1
R8d5 34. Rb4 e5 35. Rb5 Kf6 36. Rxd5 Rxd5 37. Rb6+ Kf5 38. Rb7 Ke6 39. Kf3 h5
40. Rb6+ Kf5 41. Rb7 f6 42. Rf7 Rd3+ 43. Ke2 Ra3 44. Rg7 g5 45. hxg5 fxg5 46.
Rh7 Kg4 47. Rg7 Ra6 48. Re7 Ra5 49. Rg7 Ra4 50. Ke3 Kf5 51. Rh7 h4 52. gxh4 gxh4
53. Rh5+ Kg4 54. Rxe5 h3 55. Re8 h2 56. Rg8+ Kh3 57. Rg3+ Kh4 58. Rg8 Ra3+ 59.
Kf4 Rf3+ 60. Kxf3 h1=Q+ 61. Kf4 Qh2+ 62. Kf3 Qh1+ 63. Kf4 Qc1+ 64. Ke5 Qb2+ 65.
Kd6 Qf6+ 66. Kc5 Qe5+ 0-1